000 00316nam a22001337a 4500
008 181029b xxu||||| |||| 00| 0 eng d
020 _a291312131800349900000000
041 _aeng
080 _a004
100 _a28
101 _aSHK
245 _aBeginning iPad Application Development
_cLee,W.M
942 _2udc
_cBK
999 _c51025
_d51025